[Event "WYCC U16 Open 2013"]
[Site "Al-Ain UAE"]
[Date "2013.12.23"]
[Round "7.68"]
[White "Casanovas Cantarero, Eric"]
[Black "Motovilnik, Jurij"]
[Result "0-1"]
[WhiteElo "1705"]
[BlackElo "1860"]
[WhiteFideId "6900445"]
[BlackFideId "13507273"]
[EventDate "2013.12.18"]

1. e4 c5 2. Nf3 e6 3. b3 Nc6 4. Bb2 d6 5. d4 cxd4 6. Nxd4 Bd7 7. c4 Nf6 8. Bd3
Be7 9. O-O O-O 10. Bc2 a6 11. Nc3 Qb6 12. Nxc6 Bxc6 13. Kh1 Rfd8 14. f4 Rd7 15.
Qe2 Rad8 16. Rad1 Qa5 17. e5 Ne8 18. f5 Qxe5 19. fxe6 Qxe6 20. Qd3 Qg6 21. Qe2
Qe6 22. Qd3 Qg6 23. Qe2 Qh6 24. Nd5 Bxd5 25. Rxd5 Qe6 26. Qd3 Nf6 27. Rg5 g6 28.
Rg3 Ng4 29. Qd2 Bf8 30. Rh3 Bg7 31. Re1 Ne5 32. Qd4 Re7 33. Qh4 h5 34. Bc1 Rde8
35. Rhe3 Qf6 36. Qxf6 Bxf6 37. Ba3 Rd8 38. h3 Bg5 39. Bxd6 Rxd6 40. Rxe5 Rxe5
41. Rxe5 Rd2 42. Rxg5 Rxc2 43. a4 Rc3 44. Rc5 Rxb3 45. Rc7 Rb6 46. a5 Rb3 47.
Kh2 Kg7 48. Kg1 Kf6 49. Kf2 h4 50. Ke2 g5 51. c5 Rb5 52. c6 Re5+ 53. Kf3 bxc6
54. Rxc6+ Re6 55. Rc5 Kg6 56. Rd5 f6 57. g4 hxg3 58. Kxg3 Re3+ 59. Kg2 Re5 60.
Rxe5 fxe5 61. Kg3 Kf5 62. Kf3 e4+ 63. Ke3 Ke5 64. Ke2 Kf4 65. Kf2 e3+ 66. Ke2
Ke4 67. Ke1 Kf3 68. Kf1 e2+ 0-1

[Event "WYCC U16 Open 2013"]
[Site "Al-Ain UAE"]
[Date "2013.12.23"]
[Round "7.70"]
[White "Al-Zaruoni, Fahad"]
[Black "Rimawy, Hosam"]
[Result "0-1"]
[WhiteTitle "CM"]
[WhiteElo "1649"]
[BlackElo "1781"]
[WhiteFideId "9300660"]
[BlackFideId "8103798"]
[EventDate "2013.12.18"]

1. c4 e5 2. g3 Nf6 3. Bg2 Nc6 4. Nc3 Bc5 5. d3 O-O 6. Nf3 d6 7. O-O Bg4 8. a3 a5
9. Nd2 Qd7 10. Nde4 Nxe4 11. Nxe4 Bb6 12. Bg5 f5 13. Nc3 f4 14. gxf4 h6 15. Bh4
exf4 16. Kh1 Bh3 17. f3 Bxg2+ 18. Kxg2 Rf5 19. Ne4 Rh5 20. Qe1 Re8 21. h3 Rxe4
22. fxe4 g5 23. Rf3 Rxh4 24. Qh1 g4 25. Rxf4 gxh3+ 26. Kg3 Rxf4 27. Kxf4 Ne5 28.
Rg1+ Bxg1 29. Qxg1+ Qg7 30. Qxg7+ Kxg7 31. Kg3 Ng4 32. Kxh3 Ne3 33. Kg3 a4 34.
Kf4 Nd1 35. e5 dxe5+ 36. Kxe5 Nxb2 37. Kf5 Nd1 38. e4 Kf7 39. e5 Ne3+ 40. Ke4
Nc2 41. d4 Nxa3 42. Kd3 h5 43. d5 h4 44. c5 Ke7 45. e6 h3 0-1

[Event "WYCC U16 Open 2013"]
[Site "Al-Ain UAE"]
[Date "2013.12.23"]
[Round "7.72"]
[White "Samuel, Ngieng Chew Sheng"]
[Black "Abbas, Hussein kzar"]
[Result "1/2-1/2"]
[WhiteElo "1580"]
[BlackElo "1754"]
[WhiteFideId "5713978"]
[BlackFideId "4804937"]
[EventDate "2013.12.18"]

1. e4 d6 2. d4 Nf6 3. Nc3 g6 4. Be3 Bg7 5. Bc4 Nc6 6. a3 Bd7 7. f3 Na5 8. Ba2 b5
9. Qd2 e5 10. dxe5 dxe5 11. Nxb5 Nc6 12. Rd1 a6 13. Nc3 O-O 14. Bg5 Nd4 15. Nd5
Bc6 16. c3 Ne6 17. Nxf6+ Bxf6 18. Qxd8 Bxd8 19. Bxd8 Nxd8 20. Ne2 Rb8 21. Rd2
Nb7 22. O-O Nc5 23. b4 Ne6 24. Bxe6 fxe6 25. Nc1 Bb5 26. Rff2 c5 27. Nd3 cxb4
28. axb4 Bxd3 29. Rxd3 Rfd8 30. Ra2 Rb6 31. Kf2 Kf7 32. Ra3 Kf6 33. Ke2 g5 34.
h3 h5 35. Ra4 g4 36. fxg4 hxg4 37. hxg4 Kg5 38. Ra5 Kxg4 39. Rf3 Rc8 40. Kd2
Rd6+ 41. Kc2 Rh8 42. Rxe5 Rh2 43. Rf2 Kg3 44. Rd2 Kf4 45. Rc5 Rxd2+ 46. Kxd2
Kxe4 47. c4 Rxg2+ 48. Kc3 1/2-1/2

[Event "WYCC U16 Open 2013"]
[Site "Al-Ain UAE"]
[Date "2013.12.23"]
[Round "7.74"]
[White "Alasgarov, Alasgar Habil"]
[Black "Filipets, Egor"]
[Result "0-1"]
[WhiteElo "1638"]
[BlackElo "2112"]
[WhiteFideId "13405675"]
[BlackFideId "13503928"]
[EventDate "2013.12.18"]

1. e4 e6 2. d4 d5 3. exd5 exd5 4. Bf4 Bd6 5. Bxd6 Qxd6 6. Bd3 Nf6 7. Nd2 O-O 8.
Ne2 Bg4 9. O-O Nc6 10. c3 Ne7 11. Qc2 Ng6 12. h3 Bxe2 13. Bxe2 Rae8 14. Bd3 Re7
15. Rae1 Rfe8 16. Rxe7 Rxe7 17. Bxg6 hxg6 18. Nf3 Ne4 19. Re1 g5 20. c4 Kf8 21.
c5 Qd7 22. Ne5 Qf5 23. c6 b6 24. f3 Nd6 25. Qb3 f6 26. g4 Qh7 27. Nd7+ Ke8 28.
Rxe7+ Kxe7 29. Qxd5 Qb1+ 30. Kg2 Qxb2+ 31. Kg3 Qc3 32. Qg8 Ne4+ 33. Kg2 Qd2+ 34.
Kh1 Qe1+ 0-1

[Event "WYCC U16 Open 2013"]
[Site "Al-Ain UAE"]
[Date "2013.12.23"]
[Round "7.75"]
[White "Emad, Majdlawy"]
[Black "Volna, Lukas"]
[Result "0-1"]
[WhiteElo "1470"]
[BlackElo "1833"]
[WhiteFideId "8106070"]
[BlackFideId "14928728"]
[EventDate "2013.12.18"]

1. d4 Nf6 2. Nf3 g6 3. g3 Bg7 4. Bg2 O-O 5. O-O d5 6. c4 dxc4 7. Na3 Be6 8. Ne5
c6 9. Naxc4 Bd5 10. Bf4 Nh5 11. e4 Nxf4 12. exd5 Nxd5 13. Qb3 Nb6 14. Rad1 Qc7
15. Rfe1 e6 16. Bh3 Rc8 17. Re2 Nxc4 18. Qxc4 Bxe5 19. dxe5 Nd7 20. f4 Nb6 21.
Qb3 Rd8 22. Red2 Nd5 23. a3 Rd7 24. Rd4 Rad8 25. Bf1 Qb6 26. Qxb6 Nxb6 27. Rxd7
Rxd7 28. Rxd7 Nxd7 29. Kf2 Kf8 30. Kf3 Ke7 31. h4 f6 32. Ke4 h6 33. Kd4 g5 34.
hxg5 hxg5 35. exf6+ Kxf6 36. Bd3 gxf4 37. gxf4 Nb6 38. Bh7 Nd5 39. Ke4 Kg7 40.
f5 Kxh7 41. fxe6 Kg6 42. Ke5 Ne7 43. Kd6 Kf6 44. Kc7 b5 45. Kd6 a6 46. b4 Nf5+
47. Kxc6 Nd4+ 48. Kb6 Nc2 49. Kxa6 Nxa3 50. e7 Kxe7 51. Kb6 Kd6 52. Kb7 Kd5 53.
Kb6 Kc4 0-1

[Event "WYCC U16 Open 2013"]
[Site "Al-Ain UAE"]
[Date "2013.12.24"]
[Round "8.2"]
[White "Harutyunian, Tigran K."]
[Black "Paravyan, David"]
[Result "0-1"]
[WhiteTitle "FM"]
[BlackTitle "IM"]
[WhiteElo "2390"]
[BlackElo "2441"]
[WhiteFideId "13303635"]
[BlackFideId "4194985"]
[EventDate "2013.12.18"]

1. d4 Nf6 2. Nf3 e6 3. c4 Bb4+ 4. Nbd2 O-O 5. a3 Be7 6. g3 b6 7. Bg2 Bb7 8. O-O
c5 9. b3 cxd4 10. Nxd4 Bxg2 11. Kxg2 Qc7 12. Bb2 Qb7+ 13. N2f3 a6 14. b4 d6 15.
Kg1 Nc6 16. Nxc6 Qxc6 17. Rc1 0-1

[Event "WYCC U16 Open 2013"]
[Site "Al-Ain UAE"]
[Date "2013.12.24"]
[Round "8.3"]
[White "Karthikeyan, Murali"]
[Black "Das, Sayantan"]
[Result "1/2-1/2"]
[WhiteTitle "IM"]
[BlackTitle "IM"]
[WhiteElo "2431"]
[BlackElo "2377"]
[WhiteFideId "5074452"]
[BlackFideId "5034426"]
[EventDate "2013.12.18"]

1. e4 c5 2. Nf3 e6 3. d4 cxd4 4. Nxd4 a6 5. c4 Nf6 6. Nc3 Bb4 7. Qd3 Qc7 8. Nc2
Bd6 9. Be2 O-O 10. g3 b6 11. O-O Bb7 12. Be3 Be5 13. Nd4 Nc6 14. Rad1 d5 15.
exd5 exd5 16. cxd5 Nb4 17. d6 Qxd6 1/2-1/2

[Event "WYCC U16 Open 2013"]
[Site "Al-Ain UAE"]
[Date "2013.12.24"]
[Round "8.4"]
[White "Vorontsov, Pavlo"]
[Black "Girish, A. Koushik"]
[Result "1/2-1/2"]
[WhiteTitle "FM"]
[BlackTitle "FM"]
[WhiteElo "2392"]
[BlackElo "2413"]
[WhiteFideId "14116367"]
[BlackFideId "5038448"]
[EventDate "2013.12.18"]

1. d4 Nf6 2. c4 g6 3. Nc3 d5 4. cxd5 Nxd5 5. Bd2 Nb6 6. e4 Bg7 7. Be3 O-O 8. h3
c6 9. Nf3 N8d7 10. Be2 e5 11. O-O exd4 12. Bxd4 Qe7 13. Bxg7 Kxg7 14. Qd4+ f6
15. Rad1 Re8 16. Qe3 Nc5 17. Rfe1 Nca4 18. b3 Nxc3 19. Qxc3 Be6 20. Bf1 1/2-1/2

[Event "WYCC U16 Open 2013"]
[Site "Al-Ain UAE"]
[Date "2013.12.24"]
[Round "8.5"]
[White "Saiyn, Zhanat"]
[Black "Dastan, Muhammed Batuhan"]
[Result "0-1"]
[WhiteTitle "FM"]
[BlackTitle "IM"]
[WhiteElo "2360"]
[BlackElo "2409"]
[WhiteFideId "13703820"]
[BlackFideId "6300014"]
[EventDate "2013.12.18"]

1. d4 f5 2. c4 Nf6 3. Nc3 d6 4. Bg5 Nbd7 5. Qc2 g6 6. Nf3 Bg7 7. e4 fxe4 8. Nxe4
Nxe4 9. Qxe4 c5 10. O-O-O Nf6 11. Qe1 Qc7 12. Bd3 O-O 13. h3 Bd7 14. Kb1 a6 15.
dxc5 Qxc5 16. Qe3 Qxe3 17. Bxe3 Bc6 18. Rhe1 Rfe8 19. Bg5 Kf7 20. Re3 h6 21. Bf4
e5 22. Bxe5 Bxf3 23. Bxg6+ Kxg6 24. Rxd6 Rxe5 25. Rxe5 Bxg2 0-1

[Event "WYCC U16 Open 2013"]
[Site "Al-Ain UAE"]
[Date "2013.12.24"]
[Round "8.6"]
[White "Salomon, Johan"]
[Black "Bluebaum, Matthias"]
[Result "1/2-1/2"]
[BlackTitle "IM"]
[WhiteElo "2269"]
[BlackElo "2529"]
[WhiteFideId "1509500"]
[BlackFideId "24651516"]
[EventDate "2013.12.18"]

1. e4 e6 2. d4 d5 3. Nd2 Be7 4. c3 c5 5. dxc5 Nf6 6. exd5 Nxd5 7. Ngf3 O-O 8.
Nb3 Nd7 9. Bd3 Nxc5 10. Nxc5 Bxc5 11. O-O Qc7 12. Qa4 Be7 13. Qe4 Nf6 14. Qe2 b6
15. Ne5 Bb7 16. Bf4 Bd6 17. Bg3 Rad8 18. Rad1 Qb8 19. Ng4 Nxg4 20. Qxg4 Bxg3 21.
Qxg3 Qxg3 22. hxg3 g6 23. f3 Kg7 24. Kf2 h5 25. Be2 Kf6 1/2-1/2

[Event "WYCC U16 Open 2013"]
[Site "Al-Ain UAE"]
[Date "2013.12.24"]
[Round "8.7"]
[White "Nuri, Murad"]
[Black "Vavulin, Maksim"]
[Result "0-1"]
[WhiteElo "2250"]
[BlackElo "2410"]
[WhiteFideId "13404474"]
[BlackFideId "4169530"]
[EventDate "2013.12.18"]

1. Nf3 Nf6 2. g3 b5 3. Bg2 Bb7 4. O-O g6 5. d4 Bg7 6. Qd3 a6 7. Nbd2 O-O 8. e4
d6 9. Qe2 Nfd7 10. c4 c5 11. d5 Re8 12. Rb1 e6 13. Qd3 exd5 14. exd5 Nb6 15. b3
Bc8 16. Nh4 N8d7 0-1

[Event "WYCC U16 Open 2013"]
[Site "Al-Ain UAE"]
[Date "2013.12.24"]
[Round "8.8"]
[White "Wang, Yiye"]
[Black "Jarmula, Lukasz"]
[Result "1-0"]
[WhiteElo "2408"]
[BlackElo "2213"]
[WhiteFideId "8606021"]
[BlackFideId "1160664"]
[EventDate "2013.12.18"]

1. e4 c5 2. Nf3 d6 3. Nc3 Nf6 4. e5 dxe5 5. Nxe5 Nbd7 6. d4 e6 7. Bb5 Be7 8.
dxc5 O-O 9. Bxd7 Nxd7 10. Nxd7 Bxd7 11. Be3 Rc8 12. Qd3 Bxc5 13. Rd1 Bxe3 14.
Qxd7 Bxf2+ 15. Kxf2 Qb6+ 16. Qd4 Qxb2 17. Ne2 1-0

[Event "WYCC U16 Open 2013"]
[Site "Al-Ain UAE"]
[Date "2013.12.24"]
[Round "8.9"]
[White "Sibashvili, Giorgi"]
[Black "Sanal, Vahap"]
[Result "1-0"]
[BlackTitle "IM"]
[WhiteElo "2173"]
[BlackElo "2397"]
[WhiteFideId "13602799"]
[BlackFideId "6300545"]
[EventDate "2013.12.18"]

1. d4 d6 2. e4 Nf6 3. Nc3 e5 4. Nf3 Nbd7 5. Bc4 Be7 6. O-O O-O 7. Re1 c6 8. a4
h6 9. h3 Re8 10. a5 Qc7 11. Qd3 exd4 12. Qxd4 Ne5 13. Be2 Nfd7 14. Rd1 Nc5 15.
Be3 f5 16. exf5 Nxf3+ 17. Bxf3 Bxf5 18. Qf4 Qc8 19. b4 g5 20. Qc4+ Ne6 21. a6 1-0

[Event "WYCC U16 Open 2013"]
[Site "Al-Ain UAE"]
[Date "2013.12.24"]
[Round "8.10"]
[White "Bodek, Michael H"]
[Black "Mosadeghpour, Masoud"]
[Result "0-1"]
[WhiteTitle "FM"]
[WhiteElo "2382"]
[BlackElo "2230"]
[WhiteFideId "2043858"]
[BlackFideId "12519278"]
[EventDate "2013.12.18"]

1. e4 e5 2. Nf3 Nf6 3. Nxe5 d6 4. Nf3 Nxe4 5. d3 Nf6 6. d4 d5 7. Bg5 Bd6 8. Qe2+
Be6 9. Qb5+ Nbd7 10. Qxb7 O-O 11. Be2 h6 12. Bh4 Qe7 13. Qa6 Rfb8 14. Qc6 Nb6
15. Bg3 Bd7 16. Bxd6 cxd6 17. Qc3 Re8 18. Qe3 Qd8 19. Qd3 a6 20. Na3 Nc4 21.
Nxc4 dxc4 22. Qd1 0-1

[Event "WYCC U16 Open 2013"]
[Site "Al-Ain UAE"]
[Date "2013.12.24"]
[Round "8.11"]
[White "Popov, Kirill"]
[Black "Stathopoulos, Ioannis"]
[Result "1-0"]
[BlackTitle "FM"]
[WhiteElo "2158"]
[BlackElo "2297"]
[WhiteFideId "24157457"]
[BlackFideId "4223098"]
[EventDate "2013.12.18"]

1. e4 c5 2. Nf3 d6 3. d4 cxd4 4. Nxd4 Nf6 5. Nc3 a6 6. Be3 Ng4 7. Bg5 h6 8. Bh4
g5 9. Bg3 Bg7 10. Be2 h5 11. Bxg4 Bxg4 12. f3 Bd7 13. Qd2 Nc6 14. Bf2 Rc8 15.
Nd5 Ne5 16. b3 e6 17. Nf5 exd5 18. Nxg7+ Kf8 19. Nf5 Qf6 20. O-O h4 21. h3 Bc6
22. c4 Kg8 23. cxd5 Bd7 1-0

[Event "WYCC U16 Open 2013"]
[Site "Al-Ain UAE"]
[Date "2013.12.24"]
[Round "8.12"]
[White "Petrosyan, Manuel"]
[Black "Eggink, Ryszard"]
[Result "1-0"]
[WhiteTitle "CM"]
[WhiteElo "2294"]
[BlackElo "2165"]
[WhiteFideId "13300857"]
[BlackFideId "1125869"]
[EventDate "2013.12.18"]

1. c4 Nf6 2. Nc3 d5 3. cxd5 Nxd5 4. g3 g6 5. Bg2 Nb6 6. Nf3 Bg7 7. O-O c5 8. d3
Bd7 9. Be3 Na6 10. Qd2 Bc6 11. Bh6 O-O 12. a3 Qd6 13. Rab1 e5 14. Bxg7 Kxg7 15.
b4 cxb4 16. axb4 Nxb4 17. Nxe5 Qxe5 18. Rxb4 Bxg2 19. Kxg2 Rac8 20. Ne4 Rfe8 1-0

[Event "WYCC U16 Open 2013"]
[Site "Al-Ain UAE"]
[Date "2013.12.24"]
[Round "8.13"]
[White "Sultan, Ibrahim"]
[Black "Brown, Michael William"]
[Result "1/2-1/2"]
[WhiteElo "1954"]
[BlackElo "2272"]
[WhiteFideId "9301143"]
[BlackFideId "2037602"]
[EventDate "2013.12.18"]

1. d4 Nf6 2. c4 e6 3. Nf3 b6 4. Nc3 Bb7 5. a3 d5 6. cxd5 Nxd5 7. Qc2 Be7 8. e4
Nxc3 9. bxc3 O-O 10. Bd3 c5 11. O-O Qc8 12. e5 h6 13. Qe2 cxd4 14. Nxd4 Nd7 15.
Rd1 Nc5 16. Qh5 Nxd3 17. Rxd3 Be4 1/2-1/2

[Event "WYCC U16 Open 2013"]
[Site "Al-Ain UAE"]
[Date "2013.12.24"]
[Round "8.14"]
[White "Sosovicka, Matej"]
[Black "Ali Marandi, Cemil Can"]
[Result "0-1"]
[BlackTitle "IM"]
[WhiteElo "2098"]
[BlackElo "2391"]
[WhiteFideId "14916770"]
[BlackFideId "6300529"]
[EventDate "2013.12.18"]

1. d4 d5 2. c4 c6 3. cxd5 cxd5 4. Nc3 Nc6 5. Nf3 Nf6 6. Bf4 a6 7. Rc1 Nh5 8. Bg3
Nxg3 9. hxg3 g6 10. e3 Bg7 11. Qb3 e6 12. Be2 O-O 13. O-O b5 14. a4 b4 15. Na2
Bd7 16. Rc5 Qb6 17. a5 Qb7 18. Nc1 Rfb8 19. Nd3 Bf8 20. Rfc1 Be8 21. Nfe5 Bxc5
22. Nxc5 Nxa5 0-1

[Event "WYCC U16 Open 2013"]
[Site "Al-Ain UAE"]
[Date "2013.12.24"]
[Round "8.15"]
[White "Bora, Safal"]
[Black "Akhmetov, Ayan"]
[Result "0-1"]
[WhiteElo "2176"]
[BlackElo "2382"]
[WhiteFideId "2066149"]
[BlackFideId "13703706"]
[EventDate "2013.12.18"]

1. Nf3 d5 2. g3 c6 3. Bg2 Bg4 4. Ne5 Bh5 5. d4 Nd7 6. Nd3 Ngf6 7. O-O e6 8. Nf4
Bg6 9. Nxg6 hxg6 10. Nd2 Bd6 11. c4 O-O 12. b3 Qa5 13. Bb2 Ba3 14. Qc1 Bxb2 15.
Qxb2 Rfe8 16. b4 Qc7 17. b5 Rac8 18. Rac1 Qb6 19. a4 Qa5 20. Qc3 Qxc3 21. Rxc3
c5 22. dxc5 Nxc5 23. cxd5 0-1

[Event "WYCC U16 Open 2013"]
[Site "Al-Ain UAE"]
[Date "2013.12.24"]
[Round "8.16"]
[White "Lampert, Jonas"]
[Black "Toma, Radu-Cristian"]
[Result "1/2-1/2"]
[WhiteElo "2378"]
[BlackElo "2245"]
[WhiteFideId "1303759"]
[BlackFideId "1217992"]
[EventDate "2013.12.18"]

1. e4 c6 2. d4 d5 3. Nc3 dxe4 4. Nxe4 Nd7 5. Ng5 Ngf6 6. Bd3 e6 7. N1f3 Bd6 8.
Qe2 h6 9. Ne4 Nxe4 10. Qxe4 Qc7 11. O-O b6 12. Qg4 Kf8 13. b3 Bb7 14. Bb2 Nf6
15. Qh3 Nd5 16. g3 c5 17. dxc5 Bxc5 18. Ne5 Nb4 19. Bb5 Nc6 20. Bxc6 Bxc6 21.
Nxc6 Qxc6 22. Qg4 f6 23. Qg6 Qe8 24. Qe4 Kf7 25. Rfd1 Qe7 26. Rd3 Rhd8 27. Rad1
Rac8 28. Kg2 Rxd3 29. Rxd3 Rd8 1/2-1/2

[Event "WYCC U16 Open 2013"]
[Site "Al-Ain UAE"]
[Date "2013.12.24"]
[Round "8.17"]
[White "Gireman, Ja"]
[Black "Sardana, Rishi"]
[Result "0-1"]
[WhiteElo "2248"]
[BlackElo "2373"]
[WhiteFideId "5043794"]
[BlackFideId "25004301"]
[EventDate "2013.12.18"]

1. e4 c5 2. Nf3 d6 3. d4 cxd4 4. Nxd4 Nf6 5. Nc3 a6 6. h3 e5 7. Nde2 h5 8. Be3
Be6 9. f4 Nbd7 10. f5 Bc4 11. g3 b5 12. Bg2 b4 13. Nd5 Nxd5 14. exd5 Be7 15. b3
Bxe2 0-1

[Event "WYCC U16 Open 2013"]
[Site "Al-Ain UAE"]
[Date "2013.12.24"]
[Round "8.19"]
[White "Percivaldi, Martin"]
[Black "Tran, Tuan Minh"]
[Result "0-1"]
[BlackTitle "FM"]
[WhiteElo "2169"]
[BlackElo "2330"]
[WhiteFideId "1508148"]
[BlackFideId "12401820"]
[EventDate "2013.12.18"]

1. d4 Nf6 2. c4 e6 3. g3 Bb4+ 4. Bd2 Bxd2+ 5. Qxd2 O-O 6. Bg2 d6 7. e4 Nc6 8.
Ne2 e5 9. d5 Ne7 10. Nbc3 Nd7 11. O-O a5 12. f4 exf4 13. gxf4 Ng6 14. Nd4 Re8
15. Rae1 Nf6 16. Kh1 Bd7 17. Nd1 c5 18. dxc6 bxc6 19. Nc3 Qb6 20. Na4 Qb4 21.
Qxb4 axb4 22. Nb6 Rxa2 23. e5 dxe5 24. fxe5 Rxe5 25. Nxd7 Nxd7 26. Nxc6 Rxe1 27.
Rxe1 h5 28. Nxb4 Rxb2 29. Nd5 Nh4 0-1

[Event "WYCC U16 Open 2013"]
[Site "Al-Ain UAE"]
[Date "2013.12.24"]
[Round "8.20"]
[White "Kourkoulos-Arditis, Stamatis"]
[Black "Wu, Christopher"]
[Result "1-0"]
[WhiteElo "2297"]
[BlackElo "2198"]
[WhiteFideId "4221990"]
[BlackFideId "2040875"]
[EventDate "2013.12.18"]

1. e4 c5 2. Nf3 d6 3. d4 cxd4 4. Nxd4 Nf6 5. Nc3 a6 6. Be3 e5 7. Nb3 Be6 8. Be2
Be7 9. O-O O-O 10. Nd5 Bxd5 11. exd5 Nbd7 12. c4 b6 13. f4 Re8 14. fxe5 Nxe5 15.
Nd4 Nfd7 16. Qd2 g6 17. Rae1 Bf6 18. Nc6 Qc7 19. b4 Bg7 20. b5 a5 21. Bd4 f5 22.
h3 Nf6 1-0

[Event "WYCC U16 Open 2013"]
[Site "Al-Ain UAE"]
[Date "2013.12.24"]
[Round "8.21"]
[White "Azarya, Jodi Setyaki"]
[Black "Stremavicius, Titas"]
[Result "1-0"]
[WhiteTitle "CM"]
[WhiteElo "2112"]
[BlackElo "2279"]
[WhiteFideId "7101589"]
[BlackFideId "12804444"]
[EventDate "2013.12.18"]

1. e4 c5 2. Nf3 Nc6 3. d4 cxd4 4. Nxd4 Nf6 5. Nc3 d6 6. Bc4 Bd7 7. Bb3 g6 8. f3
Bg7 9. Be3 O-O 10. Qd2 Rb8 11. h4 Na5 12. Bh6 b5 13. h5 Nc4 14. Qg5 a6 15. O-O-O
e5 16. hxg6 fxg6 17. Bxg7 Kxg7 18. Nf5+ Bxf5 19. exf5 Rh8 20. fxg6 h6 21. Qf5
Qc8 22. Qd3 Rd8 23. Ne4 Qf5 24. Bxc4 bxc4 25. Qe3 Nh5 26. Nxd6 Qf4 27. Nxc4
Qxe3+ 28. Nxe3 Nf4 29. Rxd8 Rxd8 30. Rd1 Ne2+ 31. Kb1 Rxd1+ 32. Nxd1 Kxg6 33. c3
Kg5 34. Kc2 Kh4 35. b4 Kg3 36. a4 Nf4 37. b5 axb5 38. axb5 Ne6 39. Kd3 Kxg2 40.
Ke4 Nc5+ 41. Kd5 Na4 42. c4 h5 43. c5 h4 44. b6 h3 45. Ne3+ Kxf3 46. Nf1 Nxb6+
47. cxb6 Kg2 48. b7 Kxf1 49. b8=Q h2 50. Qh8 Kg1 51. Qg7+ 1-0

[Event "WYCC U16 Open 2013"]
[Site "Al-Ain UAE"]
[Date "2013.12.24"]
[Round "8.22"]
[White "Bilguun, Sumiya"]
[Black "Khodashenas, Mersad"]
[Result "0-1"]
[WhiteTitle "FM"]
[WhiteElo "2270"]
[BlackElo "2182"]
[WhiteFideId "4901541"]
[BlackFideId "12514195"]
[EventDate "2013.12.18"]

1. e4 e5 2. Nf3 Nf6 3. Nxe5 d6 4. Nf3 Nxe4 5. Nc3 Nxc3 6. dxc3 Be7 7. Be3 Nc6 8.
Qd2 Be6 9. O-O-O a6 10. Kb1 Qd7 11. Nd4 O-O-O 12. Nxe6 fxe6 13. g3 Bf6 14. Bh3
Rde8 15. Rhe1 Kb8 16. f4 Re7 17. Bg1 Qe8 18. Bg2 g6 19. Qf2 Bg7 20. Re2 Rf8 21.
Rde1 e5 22. Bxc6 Qxc6 23. Qa7+ Kc8 24. fxe5 Rxe5 25. Rxe5 dxe5 26. Bc5 Re8 27.
Rd1 b5 28. a3 Bf6 29. Be3 Rd8 30. Re1 Be7 31. Bg1 Bd6 32. Qe3 Rf8 33. Qe2 Qf3
34. Qxf3 Rxf3 35. Kc1 Kd7 36. Kd2 Ke6 37. Ke2 Rf5 38. Ra1 Rf8 39. a4 Kf5 40.
axb5 axb5 41. h3 Ke4 42. Ra5 Rb8 43. b3 h5 44. Be3 Rf8 45. Bf2 Rf3 46. Be1 Re3+
47. Kf1 Kf3 48. Rxb5 e4 49. Rd5 Re2 50. b4 Rh2 51. Kg1 Rxc2 52. Rd2 Rxd2 53.
Bxd2 Bxg3 54. c4 e3 55. Bc3 e2 0-1

[Event "WYCC U16 Open 2013"]
[Site "Al-Ain UAE"]
[Date "2013.12.24"]
[Round "8.23"]
[White "Ghvamberia, Nika"]
[Black "Wagner, Dennis"]
[Result "0-1"]
[BlackTitle "IM"]
[WhiteElo "2086"]
[BlackElo "2467"]
[WhiteFideId "13602128"]
[BlackFideId "24650684"]
[EventDate "2013.12.18"]

1. e4 c5 2. Nf3 e6 3. d4 cxd4 4. Nxd4 Nc6 5. Nb5 d6 6. c4 Nf6 7. N1c3 a6 8. Na3
b6 9. Be2 Bb7 10. Be3 Be7 11. O-O O-O 12. Qb3 Nd7 13. Rfd1 Qc7 14. Rac1 Nc5 15.
Qc2 Bf6 16. f3 Rad8 17. Qd2 Be5 18. Nd5 exd5 19. cxd5 Nb8 20. b4 Nbd7 21. bxc5
bxc5 22. f4 Bf6 23. Nc4 Rfe8 24. Bf3 Ba8 25. Bf2 Rb8 26. Re1 Rb5 27. e5 dxe5 28.
fxe5 Bxe5 29. d6 Qd8 30. Bxa8 Qxa8 31. Nxe5 Rxe5 32. Rxe5 Nxe5 33. d7 Qd8 34.
Re1 Nxd7 35. a4 Rb8 36. Bg3 Nf6 37. Qe2 Ra8 38. Rd1 Qb6 39. Rd6 Qb1+ 40. Rd1 Qe4
41. Qxe4 Nxe4 42. Be1 Rc8 43. Rd3 c4 44. Rd4 f5 45. g4 c3 46. gxf5 c2 0-1

[Event "WYCC U16 Open 2013"]
[Site "Al-Ain UAE"]
[Date "2013.12.24"]
[Round "8.24"]
[White "Repka, Christopher"]
[Black "Naoum, Spyridon"]
[Result "1-0"]
[WhiteElo "2391"]
[BlackElo "2183"]
[WhiteFideId "14918781"]
[BlackFideId "4227506"]
[EventDate "2013.12.18"]

1. d4 Nf6 2. Nf3 g6 3. c4 Bg7 4. g3 O-O 5. Bg2 d6 6. O-O Nc6 7. Nc3 a6 8. b3 Rb8
9. Nd5 e6 10. Nxf6+ Bxf6 11. Bh6 Re8 12. Rc1 e5 13. dxe5 dxe5 14. Nd2 Nd4 15.
Ne4 Bg4 16. f3 Bf5 17. e3 Nc6 18. Qxd8 Nxd8 19. Nc3 Ne6 20. Rfd1 b5 21. e4 Nd4
22. exf5 Nxf5 23. Bd2 Be7 24. Ne4 Rbd8 25. Bc3 Nd4 26. Re1 Rf8 27. Re3 Nf5 28.
Ree1 Rd7 29. Kh1 Rfd8 30. Nf2 1-0

[Event "WYCC U16 Open 2013"]
[Site "Al-Ain UAE"]
[Date "2013.12.24"]
[Round "8.25"]
[White "Faizrakhmanov, Ramil"]
[Black "Nazarov, Rustem"]
[Result "1-0"]
[WhiteTitle "FM"]
[WhiteElo "2357"]
[BlackElo "2136"]
[WhiteFideId "24103209"]
[BlackFideId "14002280"]
[EventDate "2013.12.18"]

1. d4 Nf6 2. c4 g6 3. Nc3 Bg7 4. e4 d6 5. h3 O-O 6. Bg5 Nbd7 7. Nf3 e5 8. d5 h6
9. Be3 a5 10. Nd2 Qe7 11. Be2 Nh7 12. g4 g5 13. h4 Re8 14. hxg5 hxg5 15. Nf1
Ndf8 16. Ng3 Ng6 17. Nf5 Qd8 18. Kd2 Nf4 19. Qg1 Bxf5 20. gxf5 f6 21. Bh5 Re7
22. f3 Nf8 23. Qh2 c6 24. Rag1 a4 25. Rg3 Nd7 26. Bxf4 exf4 27. Rh3 Qb6 28. Kc2
a3 29. b3 Ne5 30. Bg6 Nf7 31. Rh7 Kf8 32. Rxg7 Kxg7 33. Bxf7 Kxf7 34. Qh5+ 1-0